Central Library OPAC University of Rajshahi

Humanity and happiness / (Record no. 30718)

MARC details
000 -LEADER
fixed length control field 00739nam a22002292i 4500
001 - CONTROL NUMBER
control field 30718
003 - CONTROL NUMBER IDENTIFIER
rucl marc code BD-RjUL
005 - DATE AND TIME OF LATEST TRANSACTION
control field 20211209051615.0
008 - FIXED-LENGTH DATA ELEMENTS--GENERAL INFORMATION
fixed length control field 140412s1951 enk 000 0 eng d
035 ## - SYSTEM CONTROL NUMBER
System control number OCLC ocm06028291 from D950322M
-- (BD-RjUL)30805
040 ## - CATALOGING SOURCE
Original cataloging agency MNG
Transcribing agency MNG
Modifying agency UKM
-- EQO
-- BD-RjUL
Language of cataloging eng
041 ## - LANGUAGE CODE
Language code of text/sound track or separate title eng
082 00 - DEWEY DECIMAL CLASSIFICATION NUMBER
Classification number 131.3
Edition number 18
Author mark and year BRH 1951
090 ## - LOCALLY ASSIGNED LC-TYPE CALL NUMBER (OCLC); LOCAL CALL NUMBER (OCLC)
Classification number (OCLC) (R) ; Classification number, CALL (RLIN) (NR) BJ1486.S5
Local cutter number (OCLC) ; Book number/undivided call number, CALL (RLIN) B713 1951
100 1# - MAIN ENTRY--PERSONAL NAME
Personal name Brochmann, Georg,
Dates associated with a name 1894-
9 (RLIN) 93356
245 10 - TITLE STATEMENT
Title Humanity and happiness /
Statement of responsibility, etc. by Georg Brochmann ; translated from the Norwegian by Frank G. Nelson ; introd. by Lewis Mumford
260 ## - PUBLICATION, DISTRIBUTION, ETC. (IMPRINT)
Place of publication, distribution, etc. London :
Name of publisher, distributor, etc. Victor Gollancz,
Date of publication, distribution, etc. 1951.
300 ## - PHYSICAL DESCRIPTION
Pagination xi, 244 p. ;
Size 21 cm.
650 #0 - SUBJECT ADDED ENTRY--TOPICAL TERM
Topical term or geographic name as entry element Happiness.
9 (RLIN) 93357
942 ## - ADDED ENTRY ELEMENTS (KOHA)
Source of classification or shelving scheme Dewey Decimal Classification
Koha item type Books
Holdings
Lost status Source of classification or shelving scheme Damaged status Not for loan Permanent Location Current Location Shelving location Date acquired Source of acquisition Cost, normal purchase price Total Checkouts Full call number Date last seen Copy number Koha item type
  Dewey Decimal Classification   Not For Loan Central Library, University of Rajshahi Central Library, University of Rajshahi Reading Room 24/09/1956 Allies book 11.60   131.3 BRH 1951 12/04/2014 C-1 Books